000 00663nam a22002417a 4500
005 20151223050754.0
008 071221s2009 maua 001 0 eng
020 _a9780073133614
020 _a0073133612
041 0 _aeng
080 _a004
100 1 _aHahn, Harley,
_d1952-
245 1 0 _aHarley Hahn's guide to Unix and Linux /
_cHarley Hahn.
246 3 0 _aGuide to Unix and Linux
260 _aBoston :
_bMcGraw-Hill Higher Education,
_c2009.
300 _a926 f. :
_bme il.;
_c23 cm.
505 _aIndex: f. 895 - 926
630 0 0 _aUNIX (Computer file)
630 0 0 _aLinux.
650 0 _aKompjuterat
650 0 _aSistemi operativ
942 _2udc
_cBK
999 _c779
_d779